000 00412nam a2200145 4500
001 118183
003 ES-MaACL
005 20230906191039.0
007 t|
008 070214s1904 mx r ||||1| spa d
100 1 _aPardo, Leonardo R.
_988976
245 1 3 _aEl verdadero Bulnes y la verdad sobre su libro detractor /
_cLeonardo R. Pardo.
260 _aMéxico :
_b[s. n.],
_c1904.
852 _aES-MaACL
_j1562-F-8
999 _c118183
_d118183